000 00973nam a22002297a 4500
005 20170801100925.0
010 _a1617EN ENG-117097
020 _a9780674495234
_c295.00
035 _aB-649250-259
035 _aEN-100629
035 _aB-667252
037 _adpl
_bAakar
082 _a954.0254092
100 _aBharvi
245 _aArjuna and the hunter /
_cby Bharavi, edited and translated by Indira Visvanathan Peterson
260 _aLondon
_bMurty Classical Library of India
_c2016
300 _axlvi,430p.
_c19cm(pbk)
700 _a Peterson, Indira Visvanathan
942 _2ddc
_cEN
_h954.0254092
_mBHA
999 _c102230
_d102230